header

An introduction to string theory and D-brane dynamics (Record no. 33285)

MARC details
000 -LEADER
fixed length control field 01113nam a2200289Ia 4500
100 1# - MAIN ENTRY--AUTHOR NAME
Personal name Szabo, Richard J.,
245 13 - TITLE STATEMENT
Title An introduction to string theory and D-brane dynamics
260 ## - PUBLICATION, DISTRIBUTION, ETC. (IMPRINT)
Place of publication London :
Name of publisher Imperial College Press,
Year of publication c2004.
300 ## - PHYSICAL DESCRIPTION
Number of Pages x, 128 p. :
Other physical details ill.
650 #0 - SUBJECT ADDED ENTRY--TOPICAL TERM
Topical Term String models.
Topical Term Dynamics.
856 40 - ELECTRONIC LOCATION AND ACCESS
Uniform Resource Identifier http://site.ebrary.com/lib/rucke/Doc?id=10255928

No items available.

© 2026 Rongo University
Contact us: librarian | system librarian | Rongo university